| 000 | 00607nam a2200241Ia 4500 | ||
|---|---|---|---|
| 003 | OSt | ||
| 005 | 20221005125710.0 | ||
| 006 | a|||||r|||| 00| 0 | ||
| 007 | ta | ||
| 008 | 221004b |||||||| |||| 00| 0 tam d | ||
| 024 | _a49382 | ||
| 037 | _cTextual | ||
| 040 |
_aCRL _cCRL _btam |
||
| 041 |
_2tam _atam |
||
| 082 | _aO31,3MKU,43, J4 | ||
| 100 |
_aKuppusamymudhaliar Au. _9603633 |
||
| 245 | 0 | _aPoongothai | |
| 260 | _c1954 | ||
| 300 |
_a167p. _ccm. |
||
| 650 | _aTAMIL FICTION | ||
| 942 |
_hO31,3MKU,43, J4 _cTEXL _2cc |
||
| 999 |
_c1054806 _d1054806 |
||